000 00680nam a22002177a 4500
001 42282
003 UA-OsUOA
005 20211212212517.0
007 ta
008 20061031b un ||||| |||| 00| 0 ukr d
040 _aUA-OsUOA
_bukr
_cUA-OsUOA
_dUA-OsUOA
041 _aukr
080 _a340 (08)
090 _a340 (08)
_bЗ-41
245 _aЗбірник тестових завдань з правознавства для абітурієнтів
260 _aОстрог
300 _a55 с.
650 7 _a340 Право в цілому. Пропедевтика. Методи та допоміжні правничі науки
_2UDC
942 _cBK
_2udc
955 _a2
999 _c328418
_d328418